Christian beliefs about life after death (Registro nro. 45939)
[ vista simple ]
| 000 -LÍDER | |
|---|---|
| Campo fijo de descripción fija | 01301cam a2200313 i 4500 |
| 001 - NÚMERO DE CONTROL | |
| Campo de control | 768714001 |
| 003 - IDENTIFICADOR DEL NÚMERO DE CONTROL | |
| Campo de control | CO-MdFUSB |
| 005 - FECHA Y HORA DE LA ULTIMA TRANSACCIÓN | |
| control field | 20241204093244.0 |
| 007 - CAMPO FIJO DE DESCRIPCIÓN FIJA--INFORMACIÓN GENERAL | |
| Campo fijo de descripción fija | ta |
| 008 - ELEMENTOS DE LONGITUD FIJA -- INFORMACIÓN GENERAL | |
| Campo fijo de descripción fija -- Información general | 241204t1976 -sp||||| |||| 00| 0 spa d |
| 020 ## - NÚMERO INTERNACIONAL NORMALIZADO PARA LIBROS | |
| Número Internacional Normalizado del libro | 0-333-19769-0 |
| 040 ## - FUENTE DE CATALOGACIÓN | |
| Agencia que realiza la transcripción | CO-MdFUSB |
| 041 ## - CÓDIGO DE IDIOMA | |
| Código de idioma para texto/pista de sonido o título separado | eng |
| 082 04 - NÚMERO DE CLASIFICACIÓN DECIMAL DEWEY | |
| Número de la edición del Dewey | 23 |
| Número de clasificación | 236.2 |
| Clave de autor-Numero de item | B12c |
| 100 1# - ASIENTO PRINCIPAL--NOMBRE PERSONAL | |
| Nombre personal | Badham, Paul |
| Término relacionador | autor |
| 245 10 - TÍTULO | |
| Título del Material | Christian beliefs about life after death |
| Mención de responsabilidad, etc. | / Paul Badham |
| 264 #1 - PRODUCCIÓN, PUBLICACIÓN, DISTRIBUCIÓN, MANUFACTURA, Y COPYRIGHT | |
| Lugar de producción, publicación, distribución, manufactura | London : |
| Nombre del productor, publicador, distribuidor | Macmillan Publishing, |
| Fecha de producción, publicación, distribución, manufactura, o copyright | [1976] |
| 264 #4 - PRODUCCIÓN, PUBLICACIÓN, DISTRIBUCIÓN, MANUFACTURA, Y COPYRIGHT | |
| Fecha de producción, publicación, distribución, manufactura, o copyright | ©1976 |
| 300 ## - DESCRIPCIÓN FÍSICA | |
| Extensión | 174 páginas |
| 336 ## - TIPO DE CONTENIDO | |
| Término de tipo de contenido | texto |
| Código de tipo de contenido | txt |
| Fuente | rdacontent |
| 337 ## - TIPO DE MEDIO | |
| Fuente | rdamedia |
| Nombre del tipo de medio | sin mediación |
| Código del tipo de medio | n |
| 338 ## - TIPO DE SOPORTE | |
| Fuente | rdacarrier |
| Nombre del tipo de soporte | volumen |
| Código Tipo de soporte | nc |
| 500 ## - NOTA GENERAL | |
| Nota General | Incluye índices (p. 167-174) |
| 505 ## - NOTA DE CONTENIDO | |
| Nota de contenido con formato preestablecido | El aporte del Antiguo Testamento al desarrollo de la esperanza cristiana - El significado de la resurrección de Jesús - La creencia tradicional en la resurrección del cuerpo - La teoría de John Hick sobre la creación divina de una réplica exacta - La resurrección del cuerpo en el pensamiento moderno - Una defensa del concepto del alma - Una crítica de la teoría de la identidad mente-cerebro - Por qué el materialismo es un teoría que refuta a sí mismo - La inmortalidad del alma |
| 563 ## - NOTA DE ENCUADERNACIÓN | |
| Nota de encuadernación | Pasta dura |
| 653 ## - TÉRMINO DE INDIZACIÓN - NO CONTROLADO | |
| Término no controlado | Escatología |
| 942 ## - TIPO DE MATERIAL (KOHA) | |
| Tipo de Item KOHA | Libros General |
| 945 ## - INFORMACIÓN LOCAL DEL REGISTRO | |
| Catalogador | Miguel |
| Estado de Material | Estado de Perdido | Estado de Dañado | No para Préstamo | Colección | Tomo | Biblioteca de Origen | Biblioteca Permanente | Fecha de Adquisición | Total de Préstamos | Signatura Topográfica | Código de Barras | Última vez visto | Ejemplar/Existencia | Fecha de Remplazo | Tipo de Material |
|---|---|---|---|---|---|---|---|---|---|---|---|---|---|---|---|
| Colección General | Biblioteca FUSBC | Biblioteca FUSBC | 28/04/2015 | G 236.2 B12c | 19631 | 12/12/2019 | 1 | 26/01/2016 | Libros General |
